1470 1877 1487 1866 1828 1877 1171 1572 1437 1954 1353 1781 1801 1082 1704 1464 1290 1695 1131 1987 1666 1099 1786 1010 1050 1963 1548 1151 1711 1954 1688 1589 1757 1756 1846 1847 1606 1348 1617 1614 1323 1070 1319 1220 1456 1444 1590 1121 1317 1235 1620 1674 1028 1618 1380 1313 1808 1575 1605 1157 1969 1205 1635 1906 1204 1115 1223 1049 1811 1897 1899 1894 1593 1834 1264 1259 1592 1793 1792 1178 1840 1819 1082 1314 1536 1082 1420 1141 1446 1210 1966 1945 1935 1784 1436 1721 1255 1339 1408 BCNSPRNW ULIB Ver.6.0+V

เปลี่ยนเป็นภาษาไทย

Change to English
 แสดงรายละเอียดบรรณานุกรม
  กลับหน้าหลัก

Brief Record : Get Marc (ISO 2709) : E-mail record : QR code < ปิดหน้าต่าง
LEADER : 00000nam 2200000uu 4500
001    13399114292
003     ULIB
008    120321s2554||||th 000 0 tha d
020    ^a9786167342498
050  4 ^aQA76.76.W56^bพ553ว 2554
100 0  ^aพันจันทร์ ธนวัฒนเสถียร
245 10 ^aWindows 7 Microsoft office 2010 /^cพันจันทร์ ธนวัฒนเสถียร
246 30 ^aWindows 7 Microsoft office 2010 สำหรับผู้เริ่มต้น
246 34 ^aWindows 7 & Office 2010 สำหรับผู้เริ่มต้น
250    ^aพิมพ์ครั้งที่ 1
260    ^aกรุงเทพฯ :^bsimpllfy,^c2554
300    ^a424 หน้า :^bภาพประกอบสี ;^c22 ซม.
500    ^aSend to Single Search
650  4 ^aโปรแกรมคอมพิวเตอร์
650  4 ^aไมโครซอฟต์วินโดวส์เซเวน
650  4 ^aระบบปฏิบัติการ (คอมพิวเตอร์)
650  4 ^aไมโครซอฟต์ออฟฟิศ (โปรแกรมคอมพิวเตอร์)
650  4 ^aไมโครซอฟต์ออฟฟิศ 2007 (โปรแกรมคอมพิวเตอร์)
650  4 ^aสำนักงานอัตโนมัติ^xโปรแกรมคอมพิวเตอร์
945    ^p249^l0^i18955
995    ^aัณชพร
999 ^a ใช้งานได้ทุกระบบ
รายการนี้ยังไม่มีแท็ก
คุณยังไม่ได้ล็อกอิน คุณสามารถมีกิจกรรมร่วมกับเว็บไซต์ได้ แต่ต้องล็อกอินก่อน ::
  ล็อกอิน

รายการสื่อสารสนเทศ

ลำดับที่ ประเภท เลขเรียก/บาร์โค้ด สถานที่ สถานะ
- ไม่พบข้อมูล -

รายการใกล้เคียง
    หัวเรื่อง [โปรแกรมคอมพิวเตอร์]
    หัวเรื่อง [ไมโครซอฟต์วินโดวส์เซเวน]
    หัวเรื่อง [ระบบปฏิบัติการ (คอมพิวเตอร์)]
    หัวเรื่อง [ไมโครซอฟต์ออฟฟิศ (โปรแกรมคอมพิวเตอร์)]
    หัวเรื่อง [ไมโครซอฟต์ออฟฟิศ 2007 (โปรแกรมคอมพิวเตอร์)]

BibComment


ยังไม่เคยถูกคอมเมนท์

คอมเมนท์ทรัพยากรรายการนี้
  คอมเมนท์: Windows 7 Micro..


 Copyright 2026. Bcnsprnw @Library